[Event "San Sebastian Mendez Memorial 1st"]
[Site "San Sebastian del Pepino"]
[Date "2014.01.18"]
[Round "3"]
[White "Vazquez Maccarini, Danitza"]
[Black "Figueroa Rosario, Alex"]
[Result "1/2-1/2"]
[WhiteElo "1887"]
[BlackElo "2012"]
[PlyCount "74"]
[EventDate "2014.01.17"]
[EventType "swiss"]
[EventRounds "7"]
[EventCountry "PUR"]
[SourceTitle "CBM 158 Extra"]
[Source "ChessBase"]
[SourceDate "2014.02.28"]
[SourceVersion "1"]
[SourceVersionDate "2014.02.28"]
[SourceQuality "1"]

1. e4 Nf6 2. e5 Nd5 3. d4 d6 4. Nf3 Bg4 5. Be2 Nc6 6. exd6 exd6 7. c4 Nb6 8. d5 Bxf3 9. Bxf3 Ne5 10. Be2 Be7 11. Nc3 0-0 12. b3 f5 13. 0-0 f4 14. f3 Qe8 15. Nb5 Bd8 16. Nd4 g5 17. Ne6 Rf7 18. Bb2 Nbd7 19. b4 Rc8 20. c5 Bf6 21. Qb3 Nf8 22. Nd4 Qd8 23. Rac1 Kh8 24. Nf5 Qd7 25. Nh6 Re7 26. Bd3 Rce8 27. a4 Nfg6 28. cxd6 Qxd6 29. Nf5 Qb6+ 30. Kh1 Nxd3 31. Bxf6+ Qxf6 32. Qxd3 Re5 33. Nh6 Qg7 34. Ng4 Re2 35. Qc3 Qxc3 36. Rxc3 R8e7 37. Nf6 Nh4 1/2-1/2

[Event "PUR-ch"]
[Site "Bayamon"]
[Date "2013.05.25"]
[Round "2"]
[White "Berrios Echevarria, Gabriel"]
[Black "Figueroa Rosario, Alex"]
[Result "1-0"]
[WhiteElo "2200"]
[BlackElo "2022"]
[PlyCount "80"]
[EventDate "2013.05.24"]
[EventType "swiss"]
[EventRounds "9"]
[EventCountry "PUR"]
[SourceTitle "CBM 154 Extra"]
[Source "ChessBase"]
[SourceDate "2013.06.25"]
[SourceVersion "2"]
[SourceVersionDate "2013.06.25"]
[SourceQuality "1"]

1. Nf3 d5 2. g3 Nf6 3. Bg2 g6 4. c4 c5 5. 0-0 d4 6. e3 Bg7 7. exd4 cxd4 8. d3 0-0 9. b3 Nc6 10. Re1 Re8 11. a3 e5 12. Bg5 h6 13. Bxf6 Qxf6 14. Nbd2 Bf5 15. Ne4 Bxe4 16. Rxe4 a5 17. Nd2 Qd6 18. Re1 f5 19. Ra2 Kh7 20. h4 Qd7 21. c5 Bf8 22. Re2 Rac8 23. h5 g5 24. g4 fxg4 25. Re4 Nd8 26. b4 axb4 27. axb4 Nc6 28. Rb2 Ra8 29. Nc4 Qf5 30. Rxg4 Kh8 31. Be4 Qe6 32. Qf3 Ra1+ 33. Kh2 Bg7 34. Bd5 Qe7 35. Nd6 e4 36. Nf7+ Kg8 37. Nxh6+ Kh8 38. Nf7+ Kg8 39. Nxg5+ Kh8 40. Nf7+ Kg8 1-0